[Event "23rd International Grunwald Cup (blind)"]
[Site "Dadaj"]
[Date "2008.09.28"]
[Round "8.1"]
[White "Baloha, Mykhailo"]
[Black "Dukaczewski, Piotr"]
[Result "0-1"]
[WhiteElo "2170"]
[BlackElo "2351"]
[PlyCount "84"]
[EventDate "2008.??.??"]

1. e4 c5 2. Nf3 d6 3. d4 cxd4 4. Nxd4 Nf6 5. Nc3 Nc6 6. Bc4 e6 7. Bb3 Be7 8.
O-O O-O 9. f4 Bd7 10. Be3 Nxd4 11. Bxd4 Bc6 12. Qe2 b5 13. Rad1 b4 14. e5 bxc3
15. exf6 Bxf6 16. bxc3 a5 17. Bxf6 gxf6 18. f5 a4 19. Bc4 e5 20. Qh5 Qb6+ 21.
Kh1 Qb7 22. Qg4+ Kh8 23. Rf2 Rg8 24. Qh3 Rg5 25. Bf1 Rag8 26. c4 Be4 27. a3 Rg4
28. Re1 R8g5 29. c5 dxc5 30. Rd1 Kg7 31. c4 h5 32. Re1 Bxf5 33. Qf3 Qxf3 34.
Rxf3 Rd4 35. Rf2 Be6 36. Rc2 e4 37. Kg1 f5 38. Kf2 f4 39. Rec1 e3+ 40. Ke1 h4
41. h3 Rg3 42. Rc3 Bf5 0-1

[Event "23rd International Grunwald Cup (blind)"]
[Site "Dadaj"]
[Date "2008.09.28"]
[Round "8.3"]
[White "Desanjose Candalija, Eduardo"]
[Black "Draghici Flutur, Gavril"]
[Result "1/2-1/2"]
[WhiteElo "2310"]
[BlackElo "2111"]
[PlyCount "49"]
[EventDate "2008.??.??"]

1. e4 c5 2. Nf3 d6 3. d4 cxd4 4. Nxd4 g6 5. Nc3 Bg7 6. Be3 Nf6 7. f3 O-O 8. Qd2
Nc6 9. O-O-O d5 10. Kb1 Nxd4 11. e5 Nf5 12. exf6 Bxf6 13. Nxd5 Qxd5 14. Qxd5
Nxe3 15. Qd2 Nxd1 16. Qxd1 Be6 17. Bb5 a6 18. Ba4 b5 19. Bb3 Bxb3 20. cxb3 Rad8
21. Qe2 Bg5 22. Qe5 Bf6 23. Qe2 Bg5 24. Qe5 Bf6 25. Qe2 1/2-1/2

[Event "23rd International Grunwald Cup (blind)"]
[Site "Dadaj"]
[Date "2008.09.28"]
[Round "8.4"]
[White "Chojnowski, Marcin"]
[Black "Gunajew, Rafal"]
[Result "0-1"]
[WhiteElo "2171"]
[BlackElo "2241"]
[PlyCount "80"]
[EventDate "2008.??.??"]

1. e4 c5 2. Nf3 d6 3. d4 cxd4 4. Nxd4 Nf6 5. Nc3 a6 6. f3 e5 7. Nb3 Be6 8. Be3
Be7 9. Qd2 O-O 10. O-O-O a5 11. Bb5 Na6 12. Qe2 Qb8 13. g4 Nc7 14. g5 Nxb5 15.
Qxb5 Nh5 16. Kb1 Rc8 17. Nd5 Bxd5 18. Rxd5 a4 19. Nd2 Qc7 20. c4 Ra6 21. Rc1 g6
22. c5 Nf4 23. Bxf4 exf4 24. Nc4 Rc6 25. Nb6 Rf8 26. e5 dxc5 27. Rd7 Rxb6 28.
Rxc7 Rxb5 29. Rxe7 Rd8 30. Kc2 Rb4 31. b3 axb3+ 32. axb3 c4 33. Rb1 cxb3+ 34.
Kc3 Rb6 35. Rxb3 Rxb3+ 36. Kxb3 Rd3+ 37. Kc4 Rxf3 38. Rxb7 Re3 39. Kd4 Re2 40.
h4 f3 0-1

[Event "23rd International Grunwald Cup (blind)"]
[Site "Dadaj"]
[Date "2008.09.28"]
[Round "8.5"]
[White "Migala, Andrzej"]
[Black "Ivchenko, Anatoly"]
[Result "1/2-1/2"]
[WhiteElo "2091"]
[BlackElo "2066"]
[PlyCount "23"]
[EventDate "2008.??.??"]

1. e4 c6 2. d4 d5 3. e5 Bf5 4. Nf3 e6 5. a3 c5 6. c4 Bxb1 7. Rxb1 Nc6 8. Qb3
Qb6 9. Qxb6 axb6 10. cxd5 exd5 11. Bb5 c4 12. O-O 1/2-1/2

[Event "23rd International Grunwald Cup (blind)"]
[Site "Dadaj"]
[Date "2008.09.28"]
[Round "8.6"]
[White "Palacios Perez, Manuel"]
[Black "Schellmann, Frank"]
[Result "1-0"]
[WhiteElo "2195"]
[BlackElo "2149"]
[PlyCount "99"]
[EventDate "2008.??.??"]

1. d4 Nf6 2. Nf3 g6 3. c4 Bg7 4. Nc3 d5 5. cxd5 Nxd5 6. Qb3 Nb6 7. e4 O-O 8.
Be3 Bg4 9. Rd1 Nc6 10. d5 Ne5 11. Be2 Nxf3+ 12. gxf3 Bh3 13. Nb5 a6 14. Nxc7
Qxc7 15. Bxb6 Qf4 16. Be3 Qh4 17. Rg1 Bd7 18. Qxb7 Qxh2 19. Rg3 Ba4 20. Rc1 Be5
21. f4 Rfb8 22. Qxe7 Qh1+ 23. Bf1 Bb5 24. Kd2 Bxb2 25. Rc7 Be8 26. Bc4 Bc1+ 27.
Kc2 Rb2+ 28. Kc3 Qe1+ 29. Kd4 Qd1+ 30. Ke5 Bxe3 31. Rxe3 Rxf2 32. Qh4 Qa1+ 33.
Kd6 Rc2 34. Rh3 Qg7 35. Qh6 Qxh6 36. Rxh6 Kg7 37. Rh1 Bb5 38. Bxb5 Rxc7 39.
Kxc7 axb5 40. d6 Kf6 41. e5+ Ke6 42. Rxh7 Rxa2 43. Rh8 Rc2+ 44. Kd8 b4 45. Re8+
Kf5 46. Ke7 Kxf4 47. Kxf7 b3 48. e6 b2 49. Rb8 Ke5 50. e7 1-0

[Event "23rd International Grunwald Cup (blind)"]
[Site "Dadaj"]
[Date "2008.09.28"]
[Round "8.7"]
[White "Wassin, Sergej"]
[Black "Suder, Ryszard"]
[Result "1-0"]
[WhiteElo "2325"]
[BlackElo "2183"]
[PlyCount "79"]
[EventDate "2008.??.??"]

1. d4 d5 2. c4 e6 3. Nc3 c6 4. e3 Bd6 5. Bd3 f5 6. Nge2 Nf6 7. f3 O-O 8. Qc2
dxc4 9. Bxc4 b5 10. Bb3 Kh8 11. e4 b4 12. e5 bxc3 13. exf6 Qxf6 14. bxc3 Nd7
15. O-O Ba6 16. Be3 e5 17. Rae1 c5 18. d5 c4 19. Ba4 Nc5 20. Bc6 Rab8 21. Rb1
Rxb1 22. Rxb1 f4 23. Bxc5 Bxc5+ 24. Kh1 Bc8 25. Rb8 Bf5 26. Qb2 Bd3 27. Ng1 h6
28. Bd7 Bb6 29. Rxf8+ Qxf8 30. Qb5 e4 31. fxe4 Bxg1 32. Kxg1 f3 33. gxf3 Qxf3
34. Qb8+ Kh7 35. Bf5+ g6 36. Qc7+ Kh8 37. Qe5+ Kg8 38. Qe8+ Kg7 39. Qxg6+ Kf8
40. Qf6+ 1-0

[Event "23rd International Grunwald Cup (blind)"]
[Site "Dadaj"]
[Date "2008.09.28"]
[Round "8.8"]
[White "Ciula, Edward"]
[Black "Mueller, Manfred"]
[Result "1-0"]
[WhiteElo "2044"]
[BlackElo "2116"]
[PlyCount "87"]
[EventDate "2008.??.??"]

1. d4 d5 2. c4 Nc6 3. Nc3 Nf6 4. cxd5 Nxd5 5. e4 Nxc3 6. bxc3 e5 7. d5 Ne7 8.
Nf3 Ng6 9. Bb5+ Bd7 10. Qb3 b6 11. O-O Bd6 12. Bg5 f6 13. Be3 O-O 14. Bd3 Qe8
15. Qc2 Ne7 16. c4 f5 17. c5 fxe4 18. Bxe4 Nf5 19. cxd6 cxd6 20. Qb3 Qh5 21.
Ng5 Rf6 22. Qd1 Qh4 23. Qd3 Raf8 24. Ne6 Nxe3 25. Qxe3 R8f7 26. Rac1 Rh6 27. h3
Rhf6 28. Rc4 Qh5 29. Ng5 Re7 30. Bxh7+ Kh8 31. g3 Rh6 32. Rh4 Qe8 33. Qe4 Qf8
34. Bg6 Qf6 35. Rxh6+ gxh6 36. Ne6 Bxe6 37. dxe6 Qxe6 38. Bf5 Qf6 39. Rc1 Qf8
40. Rc8 Re8 41. Rc7 Re7 42. Rc8 Re8 43. Rxe8 Qxe8 44. Qb7 1-0

[Event "23rd International Grunwald Cup (blind)"]
[Site "Dadaj"]
[Date "2008.09.28"]
[Round "8.9"]
[White "Wojcieszyn, Zdzislaw"]
[Black "Clemente Llamero, Roberto"]
[Result "0-1"]
[WhiteElo "2100"]
[BlackElo "2097"]
[PlyCount "100"]
[EventDate "2008.??.??"]

1. c4 e6 2. Nc3 d5 3. d4 Nf6 4. Nf3 Be7 5. g3 O-O 6. cxd5 exd5 7. Bg2 c6 8. O-O
Bf5 9. Qb3 Qb6 10. Qxb6 axb6 11. a4 b5 12. Bg5 b4 13. Bxf6 Bxf6 14. Nb1 Bc2 15.
a5 Bd8 16. Rc1 Bxb1 17. Rcxb1 Rxa5 18. Rxa5 Bxa5 19. Ra1 Bb6 20. e3 Na6 21. Ne5
Bc7 22. Nd3 Bd6 23. Nc1 Ra8 24. Nb3 f5 25. Bf1 b5 26. Bd3 g6 27. Kf1 Kf7 28. h4
h5 29. Ke2 Ke7 30. Kd2 Nc7 31. Rxa8 Nxa8 32. Na1 Nb6 33. b3 Nd7 34. Nc2 Nf6 35.
Ne1 Ne4+ 36. Ke2 Ke6 37. Nf3 Nc3+ 38. Kd2 c5 39. Ng5+ Kf6 40. dxc5 Bxc5 41. Nf3
Bb6 42. Ke1 Ke6 43. Kf1 d4 44. exd4 Kd5 45. Ke1 Bxd4 46. Nd2 Kc5 47. Nf3 Bf6
48. Kd2 Bd4 49. Ke1 Bg7 50. Kd2 Bh6+ 0-1

[Event "23rd International Grunwald Cup (blind)"]
[Site "Dadaj"]
[Date "2008.09.28"]
[Round "8.10"]
[White "Rutkowski, Eugeniusz"]
[Black "Grigorchuk, Sergey"]
[Result "0-1"]
[WhiteElo "1964"]
[BlackElo "2244"]
[PlyCount "72"]
[EventDate "2008.??.??"]

1. d4 Nf6 2. c4 e6 3. Nc3 Bb4 4. Qc2 c5 5. e3 O-O 6. Nf3 d5 7. Bd3 Nc6 8. cxd5
exd5 9. a3 cxd4 10. exd4 Re8+ 11. Be3 Bxc3+ 12. Qxc3 Bg4 13. O-O Rc8 14. Qd2
Ne4 15. Qd1 Na5 16. Bb5 Re6 17. Be2 Qb6 18. h3 Bxf3 19. Bxf3 Rce8 20. Bg4 R6e7
21. Rb1 Nc4 22. Bc1 Nc3 23. bxc3 Qxb1 24. Qa4 Qd3 25. Be3 Nxe3 26. fxe3 Qxe3+
27. Kh2 Qxc3 28. Qxa7 Qc7+ 29. g3 Re3 30. Bf3 Qc2+ 31. Bg2 Re2 32. Rg1 Qc7 33.
Qa4 h5 34. Qb3 R8e3 35. Qxd5 Qxg3+ 36. Kh1 Qxh3+ 0-1

[Event "23rd International Grunwald Cup (blind)"]
[Site "Dadaj"]
[Date "2008.09.28"]
[Round "8.11"]
[White "Sargalski, Andrzej"]
[Black "Vela Ignacio, Jose Manuel"]
[Result "1-0"]
[WhiteElo "1943"]
[BlackElo "2103"]
[PlyCount "35"]
[EventDate "2008.??.??"]

1. e4 e5 2. Nf3 Nc6 3. Bc4 Bc5 4. c3 Nf6 5. d4 exd4 6. cxd4 Bb4+ 7. Bd2 Bxd2+
8. Nbxd2 d5 9. exd5 Nxd5 10. O-O O-O 11. Rc1 Bg4 12. Qb3 Na5 13. Qa4 Nxc4 14.
Qxc4 c6 15. Rfe1 f6 16. h3 Bh5 17. Qb3 Qc7 18. Qxd5+ 1-0

[Event "23rd International Grunwald Cup (blind)"]
[Site "Dadaj"]
[Date "2008.09.28"]
[Round "8.12"]
[White "Bakalarczyk, Wlodzimierz"]
[Black "Salamon, Jan"]
[Result "1-0"]
[WhiteElo "2001"]
[BlackElo "1889"]
[PlyCount "45"]
[EventDate "2008.??.??"]

1. d4 d5 2. c4 e6 3. Nf3 c6 4. e3 f5 5. Nc3 Bd6 6. Be2 Nf6 7. O-O O-O 8. a3 a5
9. Bd2 Nbd7 10. Ng5 Qe7 11. f4 h6 12. Nf3 Ne4 13. Be1 Ndf6 14. Ne5 Bd7 15. Ng6
Qf7 16. Nxf8 Rxf8 17. Nxe4 dxe4 18. Bxa5 g5 19. Bb4 Kh8 20. d5 Kh7 21. Qd4 h5
22. Rfd1 h4 23. c5 1-0

[Event "23rd International Grunwald Cup (blind)"]
[Site "Dadaj"]
[Date "2008.09.28"]
[Round "8.13"]
[White "Debowska, Teresa"]
[Black "Boese, Artur"]
[Result "0-1"]
[WhiteElo "1916"]
[BlackElo "1943"]
[PlyCount "40"]
[EventDate "2008.??.??"]

1. e4 d6 2. g3 Nf6 3. Bg2 g6 4. d3 Bg7 5. Nc3 O-O 6. f4 Bg4 7. Nf3 Nc6 8. h3
Bxf3 9. Bxf3 Nd4 10. Bg2 Nh5 11. g4 Ng3 12. Rg1 e5 13. g5 f6 14. Bf3 exf4 15.
Bxf4 fxg5 16. Rxg3 Rxf4 17. Nd5 Nxf3+ 18. Rxf3 Rxf3 19. Qxf3 Bxb2 20. Rb1 Bd4 {
mobile} 0-1

[Event "23rd International Grunwald Cup (blind)"]
[Site "Dadaj"]
[Date "2008.09.28"]
[Round "8.14"]
[White "Staruch, Roman"]
[Black "Wolak, Tomasz"]
[Result "1-0"]
[WhiteElo "2036"]
[BlackElo "1971"]
[PlyCount "49"]
[EventDate "2008.??.??"]

1. e4 Nc6 2. d4 d5 3. e5 g6 4. Nf3 Bh6 5. Be2 Bxc1 6. Qxc1 Bg4 7. c3 h6 8. O-O
Qd7 9. Nbd2 Nd8 10. c4 Be6 11. Qc3 c6 12. Rac1 dxc4 13. Bxc4 Bxc4 14. Nxc4 Ne6
15. Rfe1 h5 16. Nd6+ exd6 17. exd6 Rh7 18. Ng5 Nf6 19. Nxh7 Nxh7 20. d5 cxd5
21. Qg7 Nhf8 22. Rc7 Qxc7 23. dxc7 Rc8 24. Qe5 Nd7 25. Qd6 1-0

[Event "23rd International Grunwald Cup (blind)"]
[Site "Dadaj"]
[Date "2008.09.28"]
[Round "8.16"]
[White "Kardasz, Wladyslaw"]
[Black "Hodowany, Wojciech"]
[Result "1-0"]
[WhiteElo "1928"]
[BlackElo "1870"]
[PlyCount "103"]
[EventDate "2008.??.??"]

1. e4 c5 2. Nf3 d6 3. c3 Nf6 4. Be2 e5 5. O-O Be7 6. d3 O-O 7. Nbd2 Nc6 8. a4
Be6 9. Ng5 Bg4 10. Nxh7 Bxe2 11. Nxf6+ Bxf6 12. Qxe2 a6 13. Nc4 Na5 14. Nxa5
Qxa5 15. Bd2 Qc7 16. f4 Rac8 17. f5 Qe7 18. Qg4 c4 19. Rf3 d5 20. Bh6 Rc6 21.
Rg3 g5 22. fxg6 fxg6 23. Qxg6+ Bg7 24. Qxg7+ Qxg7 25. Bxg7 Rf7 26. Bxe5+ Kh7
27. exd5 Rb6 28. Rb1 cxd3 29. Rxd3 Rg6 30. d6 Rd7 31. Rf1 Kg8 32. b4 b5 33.
axb5 axb5 34. Rdf3 Rgxd6 35. Bxd6 Rxd6 36. Rf5 Rc6 37. Rc5 Rb6 38. Rf3 Kg7 39.
Rg5+ Kh6 40. Rg4 Rg6 41. Rxg6+ Kxg6 42. Kf2 Kg5 43. Ke3 Kg4 44. Ke4 Kg5 45. Rf4
Kg6 46. Rf5 Kg7 47. Ke5 Kg6 48. Ke6 Kg7 49. Rf6 Kg8 50. Rf7 Kh8 51. Kf6 Kg8 52.
Kg6 1-0

[Event "23rd International Grunwald Cup (blind)"]
[Site "Dadaj"]
[Date "2008.09.28"]
[Round "8.19"]
[White "Fries, Elisabeth"]
[Black "Kulik, Roman"]
[Result "1/2-1/2"]
[WhiteElo "1738"]
[BlackElo "1888"]
[PlyCount "43"]
[EventDate "2008.??.??"]

1. d4 Nf6 2. Nf3 d5 3. c4 c6 4. e3 Bf5 5. Bd3 Bxd3 6. Qxd3 e6 7. O-O Be7 8. Nc3
O-O 9. Re1 Nbd7 10. e4 dxe4 11. Nxe4 Nxe4 12. Qxe4 Nf6 13. Qe2 Re8 14. Bd2 Qb6
15. Bc3 Bb4 16. Bxb4 Qxb4 17. b3 c5 18. Rad1 Rad8 19. Qe5 cxd4 20. Rxd4 Rxd4
21. Qxd4 b6 22. h3 1/2-1/2

[Event "23rd International Grunwald Cup (blind)"]
[Site "Dadaj"]
[Date "2008.09.28"]
[Round "8.20"]
[White "Dziobek, Jerzy"]
[Black "Wyrzykowski, Jozef"]
[Result "1/2-1/2"]
[WhiteElo "1863"]
[BlackElo "1786"]
[PlyCount "76"]
[EventDate "2008.??.??"]

1. d4 d5 2. Nf3 g6 3. c3 Bg7 4. Bf4 Nc6 5. Nbd2 Nf6 6. e3 Nh5 7. Bg5 h6 8. Bh4
g5 9. Bg3 a6 10. Be5 Nxe5 11. Nxe5 Nf6 12. c4 Bf5 13. Qb3 Bc8 14. Ndf3 c6 15.
Qa4 Bf5 16. Be2 e6 17. O-O O-O 18. c5 Nd7 19. b4 Qc7 20. Nxd7 Qxd7 21. Qb3 Bg6
22. Bd3 Bh5 23. Ne5 Qc7 24. f4 Bxe5 25. fxe5 Bg6 26. Rf6 Kg7 27. Raf1 Bxd3 28.
Qxd3 Rae8 29. Qe2 Re7 30. Qg4 Rg8 31. Qh5 Rh8 32. h4 gxh4 33. Qxh4 Kf8 34. Rxh6
Rxh6 35. Qxh6+ Ke8 36. Qh8+ Kd7 37. Rf6 Qd8 38. Qg7 Qe8 1/2-1/2

[Event "23rd International Grunwald Cup (blind)"]
[Site "Dadaj"]
[Date "2008.09.29"]
[Round "9.3"]
[White "Zoltek, Tadeusz"]
[Black "Palacios Perez, Manuel"]
[Result "1-0"]
[WhiteElo "2218"]
[BlackElo "2195"]
[PlyCount "102"]
[EventDate "2008.??.??"]

1. c4 e5 2. Nc3 g6 3. g3 Bg7 4. Bg2 d6 5. d3 f5 6. e3 Nf6 7. Nge2 O-O 8. O-O a5
9. Rb1 c6 10. a3 Qe7 11. Bd2 Be6 12. Qc2 d5 13. cxd5 cxd5 14. d4 e4 15. Na4 g5
16. Qc5 Qf7 17. Nb6 Nbd7 18. Nxd7 Qxd7 19. Rfc1 Rfc8 20. Qb6 Ra6 21. Rxc8+ Qxc8
22. Qc5 Rc6 23. Qxa5 Rc2 24. Rc1 f4 25. gxf4 Rxc1+ 26. Nxc1 gxf4 27. Qc5 Qxc5
28. dxc5 f3 29. Bf1 Nd7 30. b4 d4 31. exd4 Bxd4 32. Be3 Bb2 33. b5 Nxc5 34.
Bxc5 Bxc1 35. a4 Bd2 36. Bb6 Kf7 37. a5 Ke7 38. a6 bxa6 39. bxa6 Kd6 40. a7 Bd5
41. Bd4 Bb4 42. Bc4 Ba8 43. Bg8 h5 44. h4 Bc5 45. Bxc5+ Kxc5 46. Bf7 Kd4 47.
Bxh5 Ke5 48. Kf1 Kf4 49. Ke1 e3 50. fxe3+ Kg3 51. Bxf3 Bxf3 1-0

[Event "23rd International Grunwald Cup (blind)"]
[Site "Dadaj"]
[Date "2008.09.29"]
[Round "9.4"]
[White "Ivchenko, Anatoly"]
[Black "Baloha, Mykhailo"]
[Result "0-1"]
[WhiteElo "2066"]
[BlackElo "2170"]
[PlyCount "74"]
[EventDate "2008.??.??"]

1. d4 Nf6 2. c4 g6 3. Nf3 Bg7 4. g3 O-O 5. Bg2 c5 6. O-O cxd4 7. Nxd4 Nc6 8.
Nc3 Ng4 9. e3 Nxd4 10. exd4 d6 11. h3 Nh6 12. b3 f5 13. Re1 e6 14. f4 Nf7 15.
Be3 Qa5 16. Qc2 e5 17. dxe5 dxe5 18. fxe5 Qxe5 19. Nd5 Qb2 20. Qxb2 Bxb2 21.
Rad1 Be5 22. Bf4 Bxf4 23. Nxf4 Rb8 24. Re7 Kg7 25. Rde1 Kf6 26. Nd5+ Kg7 27.
Rc7 f4 28. Nxf4 Bf5 29. Ree7 Kf6 30. g4 Bb1 31. g5+ Nxg5 32. Nd5+ Kf5 33. Rxb7
Rxb7 34. Rxb7 Bxa2 35. Rxa7 Bxb3 36. Ra5 Ke5 37. Ne3+ Kf4 {time} 0-1

[Event "23rd International Grunwald Cup (blind)"]
[Site "Dadaj"]
[Date "2008.09.29"]
[Round "9.5"]
[White "Draghici Flutur, Gavril"]
[Black "Wassin, Sergej"]
[Result "1-0"]
[WhiteElo "2111"]
[BlackElo "2325"]
[PlyCount "71"]
[EventDate "2008.??.??"]

1. e4 c5 2. Nf3 d6 3. d4 cxd4 4. Qxd4 Nc6 5. Bb5 Bd7 6. Bxc6 Bxc6 7. Nc3 Nf6 8.
Bg5 e6 9. O-O-O Be7 10. Qd3 Qa5 11. Kb1 O-O 12. h4 Rfc8 13. Nd4 Be8 14. f3 a6
15. Bd2 Qc7 16. g4 b5 17. g5 Nh5 18. Nce2 Qb7 19. Rdg1 b4 20. Ng3 Nxg3 21. Rxg3
a5 22. g6 fxg6 23. Nxe6 a4 24. Ng5 Ra5 25. h5 h6 26. Ne6 g5 27. f4 Bf7 28. fxg5
Bxe6 29. gxh6 Bf6 30. hxg7 Bxa2+ 31. Kc1 Re5 32. h6 Kh7 33. Rf1 Bc4 34. Qxd6
Bxf1 35. Qxf6 Rxc2+ 36. Kb1 1-0

[Event "23rd International Grunwald Cup (blind)"]
[Site "Dadaj"]
[Date "2008.09.29"]
[Round "9.6"]
[White "Clemente Llamero, Roberto"]
[Black "Ciula, Edward"]
[Result "1-0"]
[WhiteElo "2097"]
[BlackElo "2044"]
[PlyCount "47"]
[EventDate "2008.??.??"]

1. e4 e6 2. d3 d5 3. Nd2 Nf6 4. Ngf3 Be7 5. g3 O-O 6. Bg2 c5 7. O-O Nc6 8. Re1
Qc7 9. Qe2 d4 10. e5 Nd5 11. Nf1 b5 12. h4 a5 13. N1h2 Ba6 14. Bg5 Rad8 15.
Bxe7 Ncxe7 16. Qe4 Bb7 17. Ng5 g6 18. Ng4 Rb8 19. Qe2 Ba6 20. Qd2 Qb6 21. Bxd5
Nxd5 22. Nxh7 f5 23. exf6 Rf7 24. Ng5 1-0

[Event "23rd International Grunwald Cup (blind)"]
[Site "Dadaj"]
[Date "2008.09.29"]
[Round "9.7"]
[White "Chojnowski, Marcin"]
[Black "Desanjose Candalija, Eduardo"]
[Result "0-1"]
[WhiteElo "2171"]
[BlackElo "2310"]
[PlyCount "104"]
[EventDate "2008.??.??"]

1. e4 c6 2. d4 d5 3. Nc3 dxe4 4. Nxe4 Bf5 5. Ng3 Bg6 6. Nf3 Nf6 7. h4 Nh5 8.
Ne2 Bf5 9. Be3 Nf6 10. Qd2 Ne4 11. Qb4 Qc8 12. Qb3 e6 13. Ne5 h5 14. f3 Nf6 15.
Ng3 Bh7 16. Bd3 Bxd3 17. Qxd3 Nbd7 18. O-O-O Qc7 19. Nxd7 Qxd7 20. c4 O-O-O 21.
Ne4 Qc7 22. Qd2 Nxe4 23. fxe4 c5 24. d5 Qe5 25. Rhf1 Qxe4 26. Rf4 Qg6 27. Qa5
Bd6 28. Qxa7 exd5 29. Rxd5 Rhe8 30. Rff5 Rxe3 31. Rxc5+ Kd7 32. Rcd5 Qe6 33. c5
Re1+ 34. Kc2 Qe4+ 35. Kc3 Re3+ 36. Kd2 Re2+ 37. Kc3 Qc2+ 38. Kb4 Re4+ 39. Ka3
Re3+ 40. b3 Qc1+ 41. Ka4 Re4+ 42. Kb5 Ke8 43. cxd6 Qc6+ 44. Ka5 b6+ 45. Ka6 Ra8
46. d7+ Kd8 47. Qxa8+ Qxa8+ 48. Kxb6 Rb4+ 49. Rb5 Rd4 50. a4 Qb8+ 51. Ka6 Rd6+
52. Ka5 Qc7+ 0-1

[Event "23rd International Grunwald Cup (blind)"]
[Site "Dadaj"]
[Date "2008.09.29"]
[Round "9.9"]
[White "Mueller, Manfred"]
[Black "Sargalski, Andrzej"]
[Result "1-0"]
[WhiteElo "2116"]
[BlackElo "1943"]
[PlyCount "85"]
[EventDate "2008.??.??"]

1. e4 e5 2. Nf3 Nc6 3. Bb5 a6 4. Ba4 d6 5. d3 Bd7 6. c3 Nf6 7. Nbd2 g6 8. Nf1
Bg7 9. Bg5 h6 10. Bd2 O-O 11. h4 Nh5 12. Qc1 Kh7 13. N1h2 f5 14. exf5 gxf5 15.
Qd1 Qe8 16. Qe2 e4 17. dxe4 Qxe4 18. Bxc6 Bxc6 19. Qxe4 fxe4 20. Nd4 Bxd4 21.
cxd4 Nf4 22. Bxf4 Rxf4 23. g3 Rf7 24. O-O Raf8 25. Rac1 Bb5 26. Rfe1 Bd3 27.
Re3 Rxf2 28. Rxc7+ R8f7 29. Rxf7+ Rxf7 30. Ng4 d5 31. Nf2 Bb5 32. Rc3 h5 33. b3
Kg6 34. a4 Bc6 35. Nh3 Kf5 36. Kg2 Rf6 37. Rc5 Kg4 38. Ng5 e3 39. Rc2 Rf8 40.
Re2 Re8 41. Nf7 Re6 42. Rxe3 Rf6 43. Re5 1-0

[Event "23rd International Grunwald Cup (blind)"]
[Site "Dadaj"]
[Date "2008.09.29"]
[Round "9.10"]
[White "Suder, Ryszard"]
[Black "Staruch, Roman"]
[Result "1-0"]
[WhiteElo "2183"]
[BlackElo "2036"]
[PlyCount "111"]
[EventDate "2008.??.??"]

1. Nf3 Nf6 2. d4 e6 3. g3 c5 4. Bg2 Nc6 5. O-O d5 6. c4 dxc4 7. Qa4 Bd7 8. Qxc4
cxd4 9. Nxd4 Rc8 10. Nc3 Nxd4 11. Qxd4 Bc5 12. Qf4 Bc6 13. Rd1 Qb6 14. Bxc6+
Qxc6 15. Be3 O-O 16. Rac1 Rfd8 17. Rxd8+ Rxd8 18. Bxc5 Qxc5 19. Ne4 Qe7 20. Rc7
Rd7 21. Rc8+ Rd8 22. Qb8 Rxc8 23. Qxc8+ Ne8 24. Nc5 b6 25. Nd7 g6 26. Ne5 Kg7
27. Nc6 Qd6 28. Qxe8 Qd1+ 29. Kg2 Qxe2 30. Nd4 Qxb2 31. Qa4 e5 32. Nf3 e4 33.
Qd4+ Qxd4 34. Nxd4 Kf6 35. Kf1 a6 36. Ke2 Ke5 37. Ke3 f5 38. Nc6+ Kd6 39. Nd8
Kc5 40. Kd2 Kb4 41. Kc2 g5 42. Nf7 f4 43. Nxg5 e3 44. fxe3 fxe3 45. Nxh7 Kc4
46. g4 Kd4 47. g5 Ke4 48. g6 Kf3 49. g7 e2 50. Ng5+ Kf2 51. Ne4+ Ke3 52. g8=Q
e1=Q 53. Qg3+ Qxg3 54. Nxg3 Kf3 55. h4 Kg4 56. h5 1-0

[Event "23rd International Grunwald Cup (blind)"]
[Site "Dadaj"]
[Date "2008.09.29"]
[Round "9.11"]
[White "Schellmann, Frank"]
[Black "Wojcieszyn, Zdzislaw"]
[Result "1-0"]
[WhiteElo "2149"]
[BlackElo "2100"]
[PlyCount "63"]
[EventDate "2008.??.??"]

1. e4 Nf6 2. e5 Nd5 3. d4 d6 4. c4 Nb6 5. f4 dxe5 6. fxe5 Bf5 7. Nc3 e6 8. Nf3
Be7 9. Be3 O-O 10. Bd3 Bxd3 11. Qxd3 f5 12. exf6 Bxf6 13. O-O N8d7 14. Qe4 Qe7
15. c5 Nc4 16. Bf2 Rab8 17. Rae1 Rfe8 18. Qc2 Qf7 19. Ne4 Na5 20. Bg3 Nf8 21.
Ne5 Qe7 22. Nxf6+ gxf6 23. Bh4 fxe5 24. Bxe7 Rxe7 25. Rxe5 Nc6 26. Re4 Rd8 27.
Rg4+ Kh8 28. Qf2 Nd7 29. Qh4 Rg8 30. Rxg8+ Kxg8 31. Qg5+ Kh8 32. Qh6 1-0

[Event "23rd International Grunwald Cup (blind)"]
[Site "Dadaj"]
[Date "2008.09.29"]
[Round "9.12"]
[White "Boese, Artur"]
[Black "Rutkowski, Eugeniusz"]
[Result "0-1"]
[WhiteElo "1943"]
[BlackElo "1964"]
[PlyCount "68"]
[EventDate "2008.??.??"]

1. Nf3 d5 2. c4 dxc4 3. Qa4+ Nc6 4. Qxc4 Nf6 5. g3 Na5 6. Qa4+ c6 7. d3 b5 8.
Qc2 Bd7 9. Bg2 Rc8 10. b4 Nb7 11. Ne5 Nd5 12. Nc3 Nxb4 13. Qb3 e6 14. Nxb5 Na5
15. Nxc6 Bxc6 16. Qa4 Bd7 17. O-O a6 18. Rb1 Bxb5 19. Qd1 Nd5 20. Bd2 Bd7 21.
e4 Nc3 22. Qe1 Nxb1 23. Bxa5 Qg5 24. f4 Qc5+ 25. Kh1 Nc3 26. f5 Qxa5 27. fxe6
Bxe6 28. Qf2 Qxa2 29. Qa7 Bc5 30. Qb7 O-O 31. e5 Nd5 32. h4 Rb8 33. Qc6 Rb2 34.
Bxd5 Rh2# 0-1

[Event "23rd International Grunwald Cup (blind)"]
[Site "Dadaj"]
[Date "2008.09.29"]
[Round "9.13"]
[White "Renkowski, Piotr"]
[Black "Vela Ignacio, Jose Manuel"]
[Result "1/2-1/2"]
[WhiteElo "1622"]
[BlackElo "2103"]
[PlyCount "65"]
[EventDate "2008.??.??"]

1. e4 c5 2. Nf3 Nc6 3. d4 cxd4 4. Nxd4 e5 5. Nb5 a6 6. Nd6+ Bxd6 7. Qxd6 Qf6 8.
Qxf6 Nxf6 9. Nc3 d5 10. Nxd5 Nxd5 11. exd5 Nb4 12. Bd3 Nxd3+ 13. cxd3 Bf5 14.
O-O O-O 15. d4 exd4 16. Bf4 Rac8 17. Rac1 f6 18. f3 h5 19. h3 g5 20. Bc7 Rfe8
21. d6 Re2 22. g4 Bd7 23. Rfe1 Rce8 24. Ba5 b6 25. Rxe2 Rxe2 26. Bxb6 d3 27.
Ba5 Rxb2 28. Rc7 d2 29. Bxd2 Rxd2 30. Rxd7 hxg4 31. hxg4 Kf8 32. Re7 Rxd6 33.
Re2 1/2-1/2

[Event "23rd International Grunwald Cup (blind)"]
[Site "Dadaj"]
[Date "2008.09.29"]
[Round "9.14"]
[White "Salamon, Jan"]
[Black "Kardasz, Wladyslaw"]
[Result "0-1"]
[WhiteElo "1889"]
[BlackElo "1928"]
[PlyCount "107"]
[EventDate "2008.??.??"]

1. Nf3 c5 2. c4 Nc6 3. g3 g6 4. Bg2 Bg7 5. O-O d6 6. Nc3 a6 7. d3 e5 8. Bg5 f6
9. Bd2 Nge7 10. a3 O-O 11. Rb1 Rb8 12. b4 cxb4 13. axb4 b5 14. cxb5 axb5 15.
Re1 Be6 16. e3 Qd7 17. Kh1 Kh8 18. Ng1 d5 19. Nce2 Rfc8 20. Rc1 Rc7 21. d4 e4
22. Qb3 Ra7 23. Ra1 Bg8 24. Nc3 Rab7 25. Ra6 Nc8 26. Rea1 N6e7 27. Bh3 f5 28.
Bf1 Nd6 29. Ra8 Nc4 30. Be1 Nc6 31. Rxb8 Rxb8 32. Nh3 Bf8 33. Nd1 Qe7 34. Nf4
g5 35. Ng2 Nxb4 36. h4 h6 37. Be2 Nc6 38. Ra6 Qb7 39. Ra1 Rd8 40. f4 g4 41. Bc3
b4 42. Bb2 N6a5 43. Qa2 h5 44. Ne1 Bf7 45. Qb1 Rc8 46. Kg1 Be8 47. Kf2 Nb3 48.
Ra2 Nba5 49. Nd3 exd3 50. Bxd3 b3 51. Ra1 Nd2 52. Rxa5 Nxb1 53. Bxb1 Bb4 54.
Ra1 0-1